00847nam a2200193 a 450000100100000000500170001000800410002704000250006808200150009311000770010824500730018526000700025830000380032870000290036604900090039595201130040495201190051799900170063600002949120200930055605.0110415s2008 dr ac 000 0 spa d aDO-SdBNPbspacBNPHU axxxxbR4261 aRepública Dominicana. Instituto Nacional de la Vivienda (INVI),95449310aLogros gestión 2004-2008 INVI. /cpresentación Alma Fernández. aSanto Domingo :bInstituto Nacional de la Vivienda (INVI),c2008. a[100 p.] :bil., retrs. ;c22 cm.1 aFernández, Alma956361 aBNPD 0010718PDaPDbPDcCTd2011-04-15iLF1l0oxxxx R426p29491-10r2020-06-25w2020-06-25yLFPDZNo se presta 0010718PDaPDbPDcCTd2011-05-04iLF1l0oxxxx R426p29491-20r2020-06-25te. 2w2020-06-25yLFPDZNo se presta c28983d28983